Afroamericanos, rebeldes cimarrones y creadores /
Bewaard in:
| Hoofdauteur: | |
|---|---|
| Formaat: | Texto |
| Onderwerpen: | |
| Tags: |
Voeg label toe
Geen labels, Wees de eerste die dit record labelt!
|
MARC
| LEADER | 00000 a a2200000 04500 | ||
|---|---|---|---|
| 001 | 260 | ||
| 003 | |||
| 040 | |||
| 100 | |a Laviña, Javier | ||
| 245 | |a Afroamericanos, rebeldes cimarrones y creadores / |c Javier Laviña | ||
| 650 | |a NEGROS | ||
| 650 | |a ESCLAVITUD | ||
| 650 | |a IDENTIDAD CULTURAL | ||
| 650 | |a RESISTENCIA AL CAMBIO | ||
| 650 | |a AMERICA LATINA | ||
| 773 | |g número 21; páginas 9-22 | ||
| 999 | |c 25192 |d 25192 | ||
| 773 | 0 | |0 41952 |9 3383 |d Madrid: Solidaridad para el desarrollo y la paz, SODEPAZ-SODEPAU; Asociación Andaluza por la solidaridad y la paz 1990- |o 02741 |t Africa América Latina: |x 11302569 | |
